000 00503nam a2200181Ia 4500
999 _c1194
_d1194
003 OSt
005 20200923130149.0
008 190216s9999||||xx |||||||||||||| ||und||
040 _coclc
082 _a581.522
_bDAU/P
100 _aDaubenmire, R F
_94874
245 0 _aPlants And Environment /
_cR F Daubenmire
250 _a2nd Ed.
260 _bWiley Eastern Ltd,
_c1970.
_aNew Delhi:
300 _a422p
650 _aBotany
942 _cBK
_2ddc
_h581.522
_iDAU/P
_k581.522
_mDAU/P